000 00749nam a2200229 u 4500
005 20230303063556.0
008 150121s2005 co r 000 0 spa d
020 _a9583019526
035 _aUPN01000201336
049 _aI
050 4 _aPZ78
_bV4.3
100 1 _aVédere D´Auria, Pascale,
_d1959-
_936712
245 1 3 _aLa gran caída de Plouf /
_cPascale Védere D´Auria ; il. por Valérie Pernot ; tr. Sandra Olivera.
260 _aBogotá :
_bPanamericana,
_c2005.
300 _a28 p. :
_bil. col.
440 0 _aGolpe de corazón
534 _pTitulo original:
_tLe grand plongeon de plouf
650 7 _aJuguetes
_vCuentos y leyendas
_2
_922474
650 0 _aCuentos infantiles franceses
_98588
905 _aInfantil
999 _c173437
_d173437